[Event "Andorra op 40th"]
[Site "Escaldes"]
[Date "2024.07.28"]
[Round "9"]
[White "Savitha Shri, B."]
[Black "Sumets, Andrey"]
[Result "0-1"]
[WhiteElo "2361"]
[BlackElo "2512"]
[PlyCount "104"]
[EventDate "2024.07.20"]
[EventType "swiss"]
[EventRounds "9"]
[EventCountry "AND"]
[SourceTitle "CBM 221 Extra"]
[Source "ChessBase"]
[SourceDate "2024.09.30"]
[SourceVersion "1"]
[SourceVersionDate "2024.09.30"]
[SourceQuality "1"]

1. e4 e6 2. d4 d5 3. Nc3 Nf6 4. Bg5 dxe4 5. Nxe4 Nbd7 6. Nf3 h6 7. Bxf6 Nxf6 8. Bd3 Nxe4 9. Bxe4 Bd6 10. Qe2 0-0 11. 0-0-0 a5 12. Kb1 a4 13. c4 c6 14. Bc2 a3 15. Qd3 f5 16. b3 Qf6 17. Rhe1 Rd8 18. Qe3 c5 19. Ne5 b6 20. d5 Bb7 21. f4 exd5 22. cxd5 Re8 23. g4 g5 24. gxf5 gxf4 25. Qg1+ Kh8 26. Nc4 Bf8 27. Qg6 Qxg6 28. fxg6 Rxe1 29. Rxe1 b5 30. Ne5 Bxd5 31. Nd7 Rd8 32. Nf6 Bg2 33. Ng4 f3 34. Re5 Rd2 35. Rf5 Rd8 36. Ne5 Re8 37. Be4 Bh3 38. Rxf3 Rxe5 39. Rxf8+ Kg7 40. Rf7+ Kg8 41. Bd3 Be6 42. Ra7 c4 43. bxc4 bxc4 44. Bxc4 Bxc4 45. Rxa3 Re1+ 46. Kc2 Re2+ 47. Kd1 Rxh2 48. Ra8+ Kg7 49. a4 Kxg6 50. a5 Ra2 51. Kc1 Bd5 52. Ra7 h5 0-1

[Event "Andorra op 40th"]
[Site "Escaldes"]
[Date "2024.07.26"]
[Round "7"]
[White "Trigo Urquijo, Sergio"]
[Black "Sumets, Andrey"]
[Result "1/2-1/2"]
[WhiteElo "2390"]
[BlackElo "2512"]
[PlyCount "70"]
[EventDate "2024.07.20"]
[EventType "swiss"]
[EventRounds "9"]
[EventCountry "AND"]
[SourceTitle "CBM 221 Extra"]
[Source "ChessBase"]
[SourceDate "2024.09.30"]
[SourceVersion "1"]
[SourceVersionDate "2024.09.30"]
[SourceQuality "1"]

1. d4 Nf6 2. c4 e6 3. Nc3 Bb4 4. e3 0-0 5. Bd3 c5 6. a3 Bxc3+ 7. bxc3 Nc6 8. Ne2 b6 9. e4 Ne8 10. 0-0 Ba6 11. f4 f5 12. Ng3 g6 13. Be3 d6 14. d5 Ne7 15. exf5 Nxf5 16. Nxf5 exf5 17. Bf2 Qd7 18. Ra2 Nf6 19. Re2 Rae8 20. Rfe1 Rxe2 21. Rxe2 Re8 22. Bh4 Ne4 23. Qc2 Kf7 24. h3 h5 25. Kh2 Bc8 26. Qc1 Ba6 27. Qe1 Kf8 28. Bxe4 fxe4 29. Rxe4 Bxc4 30. Rxe8+ Qxe8 31. Qg3 Bxd5 32. Qg5 Qe4 33. Qd8+ Kf7 34. Qf6+ Kg8 35. Qd8+ Kf7 1/2-1/2

[Event "Titled Tuesday intern op 30th Apr Late"]
[Site "Chess.com INT"]
[Date "2024.04.30"]
[Round "3"]
[White "Sumets, Andrey"]
[Black "Dominguez Perez, Leinier"]
[Result "0-1"]
[WhiteElo "2514"]
[BlackElo "2748"]
[PlyCount "92"]
[EventDate "2024.04.30"]
[EventType "swiss (blitz)"]
[EventRounds "11"]
[EventCountry "USA"]
[SourceTitle "EXT 2025"]
[Source "ChessBase"]
[SourceDate "2024.10.14"]
[SourceVersion "1"]
[SourceVersionDate "2024.10.14"]
[SourceQuality "1"]

1. d4 Nf6 2. c4 e6 3. Nf3 d5 4. Nc3 Bb4 5. cxd5 exd5 6. Qa4+ Nc6 7. Bg5 h6 8. Bxf6 Qxf6 9. e3 0-0 10. Be2 Be6 11. a3 Bxc3+ 12. bxc3 a6 13. 0-0 Bd7 14. Qb3 Qd6 15. Rfc1 b5 16. Nd2 Na5 17. Qb4 Nc4 18. Nxc4 bxc4 19. Rab1 Bf5 20. Qxd6 cxd6 21. Rb6 Rfd8 22. Bf3 Be6 23. Rcb1 g5 24. g3 Kg7 25. Kg2 g4 26. Bd1 Bf5 27. R1b2 h5 28. Bc2 Bxc2 29. Rxc2 Kf6 30. Kf1 Ke6 31. Rcb2 h4 32. Rc6 hxg3 33. hxg3 Rdb8 34. Rcb6 Rh8 35. Ke2 Rh1 36. Rc6 Ra1 37. Rbb6 Rd8 38. Rxa6 Ra2+ 39. Kf1 Rc2 40. Rc7 Rb8 41. Raa7 f6 42. Re7+ Kf5 43. e4+ dxe4 44. Ra5+ Kg6 45. Rxe4 f5 46. Re6+ Kg5 0-1